Word Ladder: Bob and Doug Quiz Stats

 Plays Quiz Updated Feb 15, 2016

Score 0/24 Timer 03:00
0 Plays Today
Hint 5-Letter Word % Correct
Trick or _____TREAT
98.9%
Moby Dick was oneWHALE
92.9%
'_____ You Were Sleeping' (1995 film)WHILE
92.1%
'_____ We Dance?' (1996 or 2004 film)SHALL
90.4%
Tire part that contacts the groundTREAD
88.7%
Type of sedimentary rockSHALE
87.5%
• 'Breaking Bad' family name •• WHITE •
82.1%
• Adjective for Alexander III of Macedon •• GREAT •
81.3%
7 squared minus 3 squaredFORTY
79.6%
Kindergarten adhesivePASTE
79%
What Miley Cyrus does in the USAPARTY
78.6%
_____ not, want notWASTE
78.5%
Hint 5-Letter Word % Correct
Group of threeTRIAD
75.4%
Cornish baked piePASTY
72.4%
Partner of errorTRIAL
72.3%
Actor Ralph, singer John, or goalie Jimmy, e. g.WAITE
70.8%
Mickey Mouse's nephew or Seinfeld's dad, e. g.MORTY
65.5%
• Guyana, in relation to Brazil •• NORTH •
64.8%
Borgnine's Oscar-winning roleMARTY
64.6%
Comic strip: 'Sally ____'FORTH
63.6%
Con man accompliceSHILL
55.7%
Quavering soundTRILL
53.6%
Leftovers fed to pigsSWILL
47.5%
Fabric with diagonal ridgesTWILL
45.9%

Today's Daily Dose

Missing Word
MLB MVP

Word Ladder
Rickrolled!

Get the Picture
Post-Beatles Hits

You're not logged in!

Compare scores with friends on all Sporcle quizzes.
OR
Log In

Show Comments

Extras

Top Quizzes Today


Score Distribution

Your Account Isn't Verified!

In order to create a playlist on Sporcle, you need to verify the email address you used during registration. Go to your Sporcle Settings to finish the process.

Report this User

Report this user for behavior that violates our Community Guidelines.

Details: